000 00288nam a22001337a 4500
008 170207b xxu||||| |||| 00| 0 eng d
020 _a9780397515271
041 _aeng
080 _230ED
_a61
100 _a4
101 _aSHM
245 _aCRITICAL CARE
_cJOSEPH CIVETA
942 _2udc
_cBK
999 _c4794
_d4794